Criaturas de la mitología griega con emojis - Estadísticas

Estadísticas generales
  • Esta prueba ha sido intentada 32 veces
  • La puntuación promedio es 9 de 16
Estadísticas de respuestas
Imagen Respuesta % Correcto
Pegaso
89%
Gorgona
86%
Minotauro
86%
Centauro
82%
Cerbero
75%
Fénix
61%
Hidra
57%
Sirena
46%
Esfinge
43%
Hipocampo
43%
Arpía
39%
Quimera
39%
Sátiro
39%
Basilisco
32%
León de Nemea
29%
Ladón
4%
No se encontraron pruebas coincidentes
Distribución de puntuación
Porcentaje de gente con cada puntuación
Porcentaje por número respondido
Historial de tus puntuaciones
No has intentado esta prueba.